| 000 | 00519nam a22002057a 4500 | ||
|---|---|---|---|
| 003 | OSt | ||
| 005 | 20231018110114.0 | ||
| 008 | 141027b xxu||||| |||| 00| 0 eng d | ||
| 020 | _a0632052449 | ||
| 040 | _cdnlm | ||
| 082 | _aQV38 M25m 2012. | ||
| 100 |
_aNeal M.J. _91544 |
||
| 245 | _aMedical Pharmacology at a Glance | ||
| 250 | _a7th ed. | ||
| 260 |
_aUK; _bWiley-Blackwell . _c2012. |
||
| 300 |
_a114 p : _bcol,ill ; _c29 cm. |
||
| 504 | _aIncludes index. | ||
| 650 |
_aPharmacology _9357 |
||
| 942 |
_2z _cO_SHELF |
||
| 999 |
_c4278 _d4278 |
||